000 00714nam a2200217 i 4500
001 171385
003 ES-MaACL
005 20250830062322.0
008 090513s1972 sp |||| | spa d
080 _a27 Bultmann, Rudolf
080 _a32:27
100 1 _aSölle, Dorothee.
_9140108
245 1 0 _aTeología política :
_bconfrontación con Rudolf Bultmann /
_cDorothee Sölle ; [tradujo Antonio Caballos].
260 _aSalamanca :
_bSígueme,
_c1972.
300 _a119 p. ;
_c21 cm.
600 1 4 _aBultmann, Rudolf-
_xCrítica e interpretación.
_9140109
650 7 _aTeología política
_2embne
_917473
700 1 _aCaballos, Antonio.
_933125
852 _aES-MaACL
_jC-49352
999 _c171385
_d171385